| 000 | 00970nam a2200301Ia 4500 | ||
|---|---|---|---|
| 003 | OSt | ||
| 005 | 20221007121250.0 | ||
| 006 | a|||||r|||| 00| 0 | ||
| 007 | ta | ||
| 008 | 221006b |||||||| |||| 00| 0 eng d | ||
| 020 | _a97881723372337261 (hbk) | ||
| 024 | _a188071 | ||
| 037 |
_b59, 25/02/2013, Deepika book agency _cTextual |
||
| 040 |
_aBDL _cBDL _beng |
||
| 041 |
_2eng _aeng |
||
| 082 | _aI:11, J1 Carb | ||
| 100 |
_aLawrence George H M _9711214 |
||
| 245 | 0 | _aTaxonomy of vascular plants | |
| 260 |
_aJodhpur _bScientific Pub. _c2012 |
||
| 300 |
_axix,823p. _ccm. |
||
| 500 | _aInclude bibliographical references.; Appendices 733-776p.; Index 777-823p. | ||
| 650 |
_a Plant taxonomy _9711215 |
||
| 650 |
_a Taxonomic botany _9711216 |
||
| 650 |
_a Vascular plants _9710990 |
||
| 650 | _aBotany | ||
| 942 |
_hI:11, J1 Carb _cTEXL _2CC |
||
| 999 |
_c1208640 _d1208640 |
||